Pays frontalier de la France - Statistiques

Statistiques générales
  • Ce quiz a été pris 326 fois
  • Le résultat moyen est 10 sur 11
Statistiques - réponses
Km frontière avec la France Réponse % Correct
451 km Allemagne
99%
623 km Espagne
99%
620 km Belgique
98%
488 km Italie
98%
573 km Suisse
97%
73 km Luxembourg
94%
56,6 km Andorre
90%
4,4 km Monaco
88%
673 km Brésil
77%
510 km Suriname
58%
10,2 km Pays-Bas
55%
Aucun quiz correspondant
Distribution des résultats
% des personnes avec chaque résultat
Percentile par nombre de réponses
Votre historique - résultats
Vous n’avez pas pris ce quiz